[Event "EU-ch Online U2300 Qual"]
[Site "Chess.com INT"]
[Date "2020.05.25"]
[Round "3"]
[White "Farkas, Lajos"]
[Black "Skuhala, Jernej"]
[Result "0-1"]
[WhiteElo "2191"]
[BlackElo "2342"]
[PlyCount "124"]
[EventDate "2020.05.25"]
[EventType "swiss"]
[EventRounds "8"]
[EventCountry "NET"]
[SourceTitle "EXT 2021"]
[Source "ChessBase"]
[SourceDate "2020.10.23"]
[SourceVersion "1"]
[SourceVersionDate "2020.10.23"]
[SourceQuality "1"]

1. d4 Nf6 2. c4 e6 3. Nc3 Bb4 4. Qc2 c5 5. dxc5 0-0 6. Nf3 Na6 7. Bg5 Nxc5 8. e3 h6 9. Bh4 Nce4 10. Bd3 Nxc3 11. bxc3 Be7 12. 0-0 b6 13. Nd4 Bb7 14. Rfd1 Rc8 15. a4 Ng4 16. Bg3 Bf6 17. Nb5 Be5 18. Nxa7 Ra8 19. Nb5 Bxg3 20. hxg3 Qg5 21. Be4 Bxe4 22. Qxe4 Qh5 23. Nd4 Qh1+ 24. Kxh1 Nxf2+ 25. Kg1 Nxe4 26. Nb5 Nc5 27. Kf2 Rfc8 28. Rd6 Rxa4 29. Rxa4 Nxa4 30. Rxd7 Nc5 31. Nd6 Nxd7 32. Nxc8 Kf8 33. Ke2 Ke8 34. Kd3 Kd8 35. Na7 Kc7 36. Kd4 Nc5 37. Nb5+ Kd7 38. e4 f6 39. e5 f5 40. Nd6 Nb3+ 41. Ke3 Na5 42. Kf4 g5+ 43. Ke3 Nc6 44. Nf7 Ke7 45. Nxh6 Nxe5 46. Kd4 Nc6+ 47. Ke3 Kf6 48. g4 Kg6 49. gxf5+ exf5 50. c5 bxc5 51. Nxf5 Kxf5 52. Kd3 Ne5+ 53. Ke3 g4 54. g3 Kf6 55. Ke4 Ke6 56. Kf4 Kd5 57. Kf5 c4 58. Kf4 Nd7 59. Kxg4 Ke4 60. Kh5 Ne5 61. Kg5 Nf3+ 62. Kf6 Kd3 0-1

[Event "Budapest-chT1 Lilienthal 1718"]
[Site "Budapest"]
[Date "2018.03.18"]
[Round "12"]
[White "Mester, Attila"]
[Black "Farkas, Lajos"]
[Result "1/2-1/2"]
[WhiteElo "2019"]
[BlackElo "2218"]
[PlyCount "43"]
[EventDate "2017.10.01"]
[EventType "team-tourn"]
[EventRounds "13"]
[EventCountry "HUN"]
[SourceTitle "EXT 2021"]
[Source "ChessBase"]
[SourceDate "2020.10.23"]
[SourceVersion "1"]
[SourceVersionDate "2020.10.23"]
[SourceQuality "1"]
[WhiteTeam "Penzugyor III"]
[BlackTeam "Aquarena III"]
[WhiteTeamCountry "HUN"]
[BlackTeamCountry "HUN"]

1. e4 c6 2. c4 d5 3. cxd5 cxd5 4. exd5 Nf6 5. Nc3 Nxd5 6. Nf3 e6 7. d4 Be7 8. Bc4 0-0 9. 0-0 Nc6 10. Nxd5 exd5 11. Bd3 Bg4 12. Be3 Bf6 13. Be2 Qb6 14. Qd2 Bxf3 15. Bxf3 Bxd4 16. Bxd5 Rad8 17. Bxc6 bxc6 18. Bxd4 Rxd4 19. Qc2 Rfd8 20. Rfe1 g6 21. Rac1 R4d6 22. h3 1/2-1/2

[Event "HUN-chT2 Maroczy 1718"]
[Site "Hungary"]
[Date "2018.01.28"]
[Round "5.7"]
[White "Farkas, Lajos"]
[Black "Zakarias, David"]
[Result "0-1"]
[WhiteElo "2214"]
[BlackElo "2296"]
[PlyCount "84"]
[EventDate "2017.10.29"]
[EventType "team-tourn"]
[EventRounds "9"]
[EventCountry "HUN"]
[SourceTitle "EXT 2021"]
[Source "ChessBase"]
[SourceDate "2020.10.23"]
[SourceVersion "1"]
[SourceVersionDate "2020.10.23"]
[SourceQuality "1"]
[WhiteTeam "Budapest Kobanya II"]
[BlackTeam "Szeged Maroczy"]
[WhiteTeamCountry "HUN"]
[BlackTeamCountry "HUN"]

1. d4 Nf6 2. c4 e6 3. Nc3 Bb4 4. Qc2 0-0 5. a3 Bxc3+ 6. Qxc3 d5 7. Bg5 dxc4 8. Qxc4 b6 9. Nf3 Ba6 10. Qc2 Nbd7 11. g3 c5 12. Bg2 Bb7 13. Rd1 Rc8 14. Qd3 h6 15. Be3 Be4 16. Qd2 Nd5 17. 0-0 c4 18. Rc1 Qe7 19. Nh4 N7f6 20. f3 Bh7 21. Bh1 c3 22. bxc3 Nxe3 23. Qxe3 Nd5 24. Qd2 Qxa3 25. e4 Nxc3 26. Ra1 Qb4 27. Rfb1 Qxd4+ 28. Qxd4 Ne2+ 29. Kf2 Nxd4 30. Rxa7 g5 31. Ng2 Rc2+ 32. Ke3 e5 33. Ne1 Re2+ 34. Kd3 Rd8 35. Kc4 b5+ 36. Kc5 Re3 37. Kb6 Rc3 38. Rc7 Ra3 39. Nc2 Rb8+ 40. Rb7 Rxb7+ 41. Kxb7 Nxc2 42. Rxb5 Ne3 0-1

[Event "HUN-chT2 Maroczy 1718"]
[Site "Hungary"]
[Date "2017.12.17"]
[Round "4.9"]
[White "Telek, Gabor"]
[Black "Farkas, Lajos"]
[Result "1-0"]
[WhiteElo "2137"]
[BlackElo "2214"]
[PlyCount "45"]
[EventDate "2017.10.29"]
[EventType "team-tourn"]
[EventRounds "9"]
[EventCountry "HUN"]
[SourceTitle "EXT 2021"]
[Source "ChessBase"]
[SourceDate "2020.10.23"]
[SourceVersion "1"]
[SourceVersionDate "2020.10.23"]
[SourceQuality "1"]
[WhiteTeam "Kisujszallas"]
[BlackTeam "Budapest Kobanya II"]
[WhiteTeamCountry "HUN"]
[BlackTeamCountry "HUN"]

1. e4 c6 2. d4 d5 3. exd5 cxd5 4. c4 Nc6 5. cxd5 Qxd5 6. Nf3 Nf6 7. Nc3 Qa5 8. d5 Nb8 9. Bc4 Bg4 10. Qb3 Nbd7 11. Qxb7 Rb8 12. Qc6 Bxf3 13. gxf3 g6 14. Bf4 Rxb2 15. Bb3 e5 16. dxe6 Rxb3 17. exd7+ Nxd7 18. axb3 Qxa1+ 19. Kd2 Qb2+ 20. Kd3 Bg7 21. Qc8+ Ke7 22. Nd5+ Ke6 23. Qc6+ 1-0

[Event "Budapest-chT1 Lilienthal 1718"]
[Site "Budapest"]
[Date "2017.11.19"]
[Round "4"]
[White "Farkas, Lajos"]
[Black "Gelle, Istvan"]
[Result "0-1"]
[WhiteElo "2218"]
[BlackElo "2307"]
[PlyCount "78"]
[EventDate "2017.10.01"]
[EventType "team-tourn"]
[EventRounds "13"]
[EventCountry "HUN"]
[SourceTitle "EXT 2021"]
[Source "ChessBase"]
[SourceDate "2020.10.23"]
[SourceVersion "1"]
[SourceVersionDate "2020.10.23"]
[SourceQuality "1"]
[WhiteTeam "Aquarena III"]
[BlackTeam "Fabulon"]
[WhiteTeamCountry "HUN"]
[BlackTeamCountry "HUN"]

1. d4 d5 2. c4 c6 3. Nc3 dxc4 4. a4 e5 5. e3 exd4 6. exd4 Be6 7. Nf3 Na6 8. Ne5 Nb4 9. Be3 Nf6 10. Bxc4 Bxc4 11. Nxc4 a5 12. 0-0 Be7 13. Qf3 0-0 14. Rad1 Nfd5 15. Bc1 Bd6 16. Nxd6 Qxd6 17. Ne4 Qg6 18. h4 Rfe8 19. Ng3 Nf6 20. Nf5 Ng4 21. Bg5 Nf6 22. Nd6 Re7 23. Bxf6 Qxf6 24. Qxf6 gxf6 25. Rfe1 Rd7 26. Ne8 Nd5 27. Re4 Kf8 28. Rde1 Rdd8 29. Nxf6 Nxf6 30. Rf4 Nd5 31. Rf5 Re8 32. Rd1 Re4 33. Rh5 Kg7 34. Rd3 h6 35. Rg3+ Kh7 36. Rf5 f6 37. h5 Rg8 38. Rb3 Rg7 39. f3 Rxd4 0-1

[Event "Budapest-chT1 Lilienthal 1718"]
[Site "Budapest"]
[Date "2017.11.12"]
[Round "3"]
[White "Farkas, Lajos"]
[Black "Kassay, Krisztian"]
[Result "0-1"]
[WhiteElo "2218"]
[BlackElo "2170"]
[PlyCount "86"]
[EventDate "2017.10.01"]
[EventType "team-tourn"]
[EventRounds "13"]
[EventCountry "HUN"]
[SourceTitle "EXT 2021"]
[Source "ChessBase"]
[SourceDate "2020.10.23"]
[SourceVersion "1"]
[SourceVersionDate "2020.10.23"]
[SourceQuality "1"]
[WhiteTeam "Aquarena III"]
[BlackTeam "Csepel"]
[WhiteTeamCountry "HUN"]
[BlackTeamCountry "HUN"]

1. d4 Nf6 2. c4 e6 3. Nc3 Bb4 4. Qc2 0-0 5. a3 Bxc3+ 6. Qxc3 d6 7. f3 Qe7 8. Bg5 e5 9. d5 Re8 10. e3 Nxd5 11. Bxe7 Nxc3 12. Bxd6 cxd6 13. bxc3 Be6 14. Rd1 Na6 15. Rxd6 Red8 16. Rd2 Nc5 17. Nh3 Rxd2 18. Kxd2 Rd8+ 19. Kc2 Bd7 20. Be2 Ba4+ 21. Kc1 f6 22. Nf2 Nb3+ 23. Kb1 Rd2 24. Re1 f5 25. Nd3 e4 26. fxe4 fxe4 27. Nb4 a5 28. Nc2 Nc5 29. Nd4 Nd3 30. Rf1 Bc2+ 31. Ka1 Nc5 32. Bg4 Rxg2 33. Be6+ Nxe6 34. Nxe6 h5 35. h4 Bb3 36. Rf8+ Kh7 37. Ng5+ Rxg5 38. hxg5 Bxc4 39. Rf2 Kg6 40. Rg2 h4 41. Kb2 h3 42. Rg1 Kh5 43. Kc2 Kh4 0-1

[Event "HUN-chT2 Breyer 1617"]
[Site "Hungary"]
[Date "2017.02.12"]
[Round "6.1"]
[White "Farkas, Lajos"]
[Black "Horvath, Andras"]
[Result "1/2-1/2"]
[WhiteElo "2202"]
[BlackElo "2282"]
[PlyCount "66"]
[EventDate "2016.10.30"]
[EventType "team-tourn"]
[EventRounds "9"]
[EventCountry "HUN"]
[SourceTitle "EXT 2021"]
[Source "ChessBase"]
[SourceDate "2020.10.23"]
[SourceVersion "1"]
[SourceVersionDate "2020.10.23"]
[SourceQuality "1"]
[WhiteTeam "Budapest MTK II"]
[BlackTeam "Budapest MLTC"]
[WhiteTeamCountry "HUN"]
[BlackTeamCountry "HUN"]

1. d4 Nf6 2. c4 e6 3. Nc3 Bb4 4. Qc2 d5 5. cxd5 exd5 6. Bg5 h6 7. Bh4 c5 8. dxc5 Nc6 9. e3 g5 10. Bg3 Ne4 11. Bd3 Bxc3+ 12. bxc3 Nxc5 13. h4 Qf6 14. Rd1 Bg4 15. Ne2 Rd8 16. hxg5 hxg5 17. Rxh8+ Qxh8 18. f3 Nxd3+ 19. Qxd3 Be6 20. Kf2 Qf6 21. Qb5 Rd7 22. Rh1 g4 23. Bf4 Ne5 24. Nd4 Ng6 25. Bg3 gxf3 26. gxf3 a6 27. Qa4 Qe7 28. f4 Qf6 29. Qc2 Bg4 30. f5 Ne7 31. Bh4 Qe5 32. Bg3 Qf6 33. Bh4 Qe5 1/2-1/2